La democracia es una obra de arte
Este texto es un elemento más de análisis para tanto para los maestro nuevos como para los experimentados. El propósito es enriquecer el movimiento pedagógico, a través de libros que propendan por una educación mejor.
Shranjeno v:
| Glavni avtor: | |
|---|---|
| Format: | Knjiga |
| Jezik: | Spanish |
| Izdano: |
Bogotá:
Cooperativa Editorial Magisterio,
1995
|
| Serija: | Mesa redonda;
No. 14 |
| Teme: | |
| Online dostop: | Enlace del recurso |
| Oznake: |
Označite
Brez oznak, prvi označite!
|
MARC
| LEADER | 00000nam a2200000 a 4500 | ||
|---|---|---|---|
| 001 | 001080 | ||
| 008 | 030610s1995 ck # fr# #000|0#spa#d | ||
| 020 | |a 958-20-0178--X | ||
| 041 | 0 | |a spa | |
| 043 | |a s-ck--- | ||
| 082 | 0 | 4 | |a 321.8 |b M178d |2 21 |
| 100 | 1 | |a Maturana, Humberto | |
| 245 | 1 | 3 | |a La democracia es una obra de arte |c Humberto Maturana |
| 260 | |a Bogotá: |b Cooperativa Editorial Magisterio, |c 1995 | ||
| 300 | |a 85 p. | ||
| 440 | 0 | |a Mesa redonda; |v No. 14 | |
| 520 | 3 | |a Este texto es un elemento más de análisis para tanto para los maestro nuevos como para los experimentados. El propósito es enriquecer el movimiento pedagógico, a través de libros que propendan por una educación mejor. | |
| 650 | 1 | 4 | |a DEMOCRACIA |
| 999 | |c 3232 |d 3232 | ||
| 856 | |u https://catalogo.idep.edu.co/cgi-bin/koha/opac-detail.pl?biblionumber=3232 |z Enlace del recurso | ||